000 01128nam a22003255i 4500
001 10747
003 ES-MaACL
005 20250830060340.0
007 t|
008 950524s1994 sp ||||0| spa j
020 _a84-7658-435-0
040 _aM-BN
_bspa
_cM-BN
080 _a159.964.212.4
080 _a167/168
245 0 0 _aArquetipos y símbolos colectivos
_b: Círculo Eranos I /
_cK. Kerényi ... [et al.] ; presentación de A. Ortíz-Osés; epídosis de A. Ortíz-Osés ... [et al.].
250 _a1ª ed.
260 _aBarcelona :
_bAnthropos,
_c1994.
300 _a431 p ;
_c20 cm.
490 1 _aAutores, textos y temas. Hermeneusis ;
_v14
500 _aSelección de textos de Eranos Jahrbuch.
650 7 _aSimbolismo (Psicología)
_2embne
_917108
650 4 _aHermenéutica.
_913329
700 1 _aKerényi, K.
_9178825
700 1 _aOrtiz-Osés, Andrés,
_d1943-2021
_987635
730 0 _aEranos Jahrbuch.
_9121217
740 0 _aCírculo Eranos I.
830 0 _aAutores, textos y temas. Hermeneusis ;
_v14
_9177421
852 _aES-MaACL
_jL-18092
_bR.122859
999 _c10747
_d10747